LEADER 03207nam 2200721 450 001 9910463845403321 005 20210702032953.0 010 $a3-11-029690-X 010 $a3-11-036906-0 024 7 $a10.1515/9783110296891 035 $a(CKB)3280000000038955 035 $a(EBL)1663054 035 $a(SSID)ssj0001406670 035 $a(PQKBManifestationID)11888521 035 $a(PQKBTitleCode)TC0001406670 035 $a(PQKBWorkID)11401296 035 $a(PQKB)11313041 035 $a(MiAaPQ)EBC1663054 035 $a(DE-B1597)178732 035 $a(OCoLC)1011462059 035 $a(OCoLC)913088348 035 $a(OCoLC)979750439 035 $a(DE-B1597)9783110296891 035 $a(PPN)182939812 035 $a(Au-PeEL)EBL1663054 035 $a(CaPaEBR)ebr11049729 035 $a(CaONFJC)MIL807919 035 $a(OCoLC)896786587 035 $a(EXLCZ)993280000000038955 100 $a20140825h20142014 uy| 0 101 0 $aeng 135 $aurnn#---|u||u 181 $ctxt 182 $cc 183 $acr 200 10$aHo?rmander spaces, interpolation, and elliptic problems /$fVladimir A. Mikhailets, Aleksandr A. Murach 210 1$aBerlin :$cDe Gruyter,$d[2014] 210 4$d©2014 215 $a1 online resource (310 p.) 225 1 $aDe Gruyter studies in mathematics,$x0179-0986 ;$v60 300 $aDescription based upon print version of record. 311 0 $a3-11-029685-3 311 0 $a3-11-029689-6 320 $aIncludes bibliographical references (pages 275-290) and index. 327 $tFront matter --$tPreface --$tPreface to the English edition --$tAcknowledgements --$tContents --$tIntroduction --$tChapter 1. Interpolation and Hörmander spaces --$tChapter 2. Hörmander spaces on closed manifolds and their applications --$tChapter 3. Semihomogeneous elliptic boundary-value problems --$tChapter 4. Inhomogeneous elliptic boundary-value problems --$tChapter 5. Elliptic systems --$tBibliography --$tIndex 330 $aThe monograph gives a detailed exposition of the theory of general elliptic operators (scalar and matrix) and elliptic boundary value problems in Hilbert scales of Ho?rmander function spaces. This theory was constructed by the authors in a number of papers published in 2005-2009. It is distinguished by a systematic use of the method of interpolation with a functional parameter of abstract Hilbert spaces and Sobolev inner product spaces. This method, the theory and their applications are expounded for the first time in the monographic literature. The monograph is written in detail and in a 410 0$aDe Gruyter studies in mathematics ;$v60. 606 $aElliptic operators 606 $aPartial differential operators 608 $aElectronic books. 615 0$aElliptic operators. 615 0$aPartial differential operators. 676 $a515/.7242 686 $aSK 620$2rvk 700 $aMikhailets$b Vladimir A.$01031503 702 $aMurach$b Aleksandr A. 801 0$bMiAaPQ 801 1$bMiAaPQ 801 2$bMiAaPQ 906 $aBOOK 912 $a9910463845403321 996 $aHo?rmander spaces, interpolation, and elliptic problems$92448922 997 $aUNINA LEADER 05902nam 22007575 450 001 9910520070003321 005 20251204104537.0 010 $a9783030600563$b(electronic bk.) 010 $z9783030600556 024 7 $a10.1007/978-3-030-60056-3 035 $a(MiAaPQ)EBC6839020 035 $a(Au-PeEL)EBL6839020 035 $a(CKB)20275220300041 035 $a(OCoLC)1291314847 035 $a(PPN)259388823 035 $a(BIP)82727700 035 $a(BIP)77285537 035 $a(DE-He213)978-3-030-60056-3 035 $a(EXLCZ)9920275220300041 100 $a20211217d2021 u| 0 101 0 $aeng 135 $aurcnu|||||||| 181 $ctxt$2rdacontent 182 $cc$2rdamedia 183 $acr$2rdacarrier 200 10$aFundamentals of Materials Science $eThe Microstructure?Property Relationship Using Metals as Model Systems /$fby Eric J. Mittemeijer 205 $a2nd ed. 2021. 210 1$aCham :$cSpringer International Publishing :$cImprint: Springer,$d2021. 215 $a1 online resource (754 pages) 311 08$aPrint version: Mittemeijer, Eric J. Fundamentals of Materials Science Cham : Springer International Publishing AG,c2021 9783030600556 327 $aPreface -- Dedication -- Foreword -- Chapter 1. Introduction -- Chapter 2. Electronic Structure of the Atom; the Periodic Table -- Chapter 3. Chemical Bonding in Solids;with Excursions to Material Properties -- Chapter 4. Crystallography -- Chapter 5. The Crystal Imperfection; Structure Defects -- Chapter 6. Analysis of the Microstructure; Analysis of Structural Imperfection: Light and Electron Microscopical and (X-ray) Diffraction Methods -- Chapter 7. Phase Equilibria -- Chapter 8. Diffusion -- Chapter 9. Phase Transformations: Introduction and Typology -- Chapter 10. Phase Transformations: Kinetics -- Chapter 11. Recovery, Recrystallization and Grain Growth -- Chapter 12. Mechanical Strength of Materials -- Index. 330 $aThis textbook offers a strong introduction to the fundamental concepts of materials science. It conveys the quintessence of this interdisciplinary field, distinguishing it from merely solid-state physics and solid-state chemistry, using metals as model systems to elucidate the relation between microstructure and materials properties. Mittemeijer's Fundamentals of Materials Science provides a consistent treatment of the subject matter with a special focus on the microstructure-property relationship. Richly illustrated and thoroughly referenced, it is the ideal adoption for an entire undergraduate, and even graduate, course of study in materials science and engineering. It delivers a solid background against which more specialized texts can be studied, covering the necessary breadth of key topics such as crystallography, structure defects, phase equilibria and transformations, diffusion and kinetics, and mechanical properties. The success of the firstedition has led to this updated and extended second edition, featuring detailed discussion of electron microscopy, supermicroscopy and diffraction methods, an extended treatment of diffusion in solids, and a separate chapter on phase transformation kinetics. ?In a lucid and masterly manner, the ways in which the microstructure can affect a host of basic phenomena in metals are described.... By consistently staying with the postulated topic of the microstructure - property relationship, this book occupies a singular position within the broad spectrum of comparable materials science literature .... it will also be of permanent value as a reference book for background refreshing, not least because of its unique annotated intermezzi; an ambitious, remarkable work.? G. Petzow in International Journal of Materials Research. ?The biggest strength of the book is the discussion of the structure-property relationships, which the author has accomplished admirably.... In a nutshell, the book should not be looked at as a quick ?cook book? type text, but as a serious, critical treatise for some significant time to come.? G.S. Upadhyaya in Science of Sintering. ?The role of lattice defects in deformation processes is clearly illustrated using excellent diagrams . Included are many footnotes, ?Intermezzos?, ?Epilogues? and asides within the text from the author?s experience. This ..... soon becomes valued for the interesting insights into the subject and shows the human side of its history. Overall this book provides a refreshing treatment of this important subject and should prove a useful addition to the existing text books available to undergraduate and graduate students and researchers in the field of materials science.? M. Davies in Materials World. 606 $aMetals 606 $aMechanics, Applied 606 $aSolids 606 $aCondensed matter 606 $aChemistry, Physical and theoretical 606 $aBuilding materials 606 $aMaterials$xAnalysis 606 $aMetals and Alloys 606 $aSolid Mechanics 606 $aCondensed Matter Physics 606 $aPhysical Chemistry 606 $aStructural Materials 606 $aCharacterization and Analytical Technique 615 0$aMetals. 615 0$aMechanics, Applied. 615 0$aSolids. 615 0$aCondensed matter. 615 0$aChemistry, Physical and theoretical. 615 0$aBuilding materials. 615 0$aMaterials$xAnalysis. 615 14$aMetals and Alloys. 615 24$aSolid Mechanics. 615 24$aCondensed Matter Physics. 615 24$aPhysical Chemistry. 615 24$aStructural Materials. 615 24$aCharacterization and Analytical Technique. 676 $a620.11 700 $aMittemeijer$b E. J.$0973349 801 0$bMiAaPQ 801 1$bMiAaPQ 801 2$bMiAaPQ 912 $a9910520070003321 996 $aFundamentals of materials science$92910434 997 $aUNINA